[Event "BCF-ch Major"]
[Site "Hull"]
[Date "2024.08.03"]
[Round "8"]
[White "Sinclair, Colin"]
[Black "Guarnieri, Federico"]
[Result "0-1"]
[WhiteElo "1783"]
[BlackElo "1572"]
[PlyCount "68"]
[EventDate "2024.07.27"]
[EventType "swiss"]
[EventRounds "9"]
[EventCountry "ENG"]
[SourceTitle "CBM 221 Extra"]
[Source "ChessBase"]
[SourceDate "2024.09.30"]
[SourceVersion "1"]
[SourceVersionDate "2024.09.30"]
[SourceQuality "1"]

1. b3 d5 2. Bb2 Bg4 3. h3 Bh5 4. g4 Bg6 5. Bg2 h5 6. gxh5 Bxh5 7. Nf3 c6 8. d3 Nf6 9. Nbd2 Nbd7 10. Nf1 e6 11. Ng3 Bxf3 12. Bxf3 Bd6 13. Qd2 Qb6 14. e3 Ne5 15. Be2 Ng6 16. 0-0-0 a5 17. a4 Rh4 18. d4 e5 19. Nf5 Bb4 20. c3 Ne4 21. Qc2 Be7 22. Nxh4 Bxh4 23. Rhf1 Nxf2 24. Rxf2 Bxf2 25. Bh5 Bxe3+ 26. Kb1 e4 27. Qe2 Bh6 28. Qg4 Nf4 29. Qf5 Nxh5 30. Qe5+ Kf8 31. Qxh5 Re8 32. Ba3+ Kg8 33. Ka2 Qc7 34. Rg1 Qh2+ 0-1

[Event "BCF-ch Major"]
[Site "Hull"]
[Date "2024.08.02"]
[Round "7"]
[White "Guarnieri, Federico"]
[Black "Zhu, Pengxiao"]
[Result "0-1"]
[WhiteElo "1572"]
[BlackElo "1969"]
[PlyCount "62"]
[EventDate "2024.07.27"]
[EventType "swiss"]
[EventRounds "9"]
[EventCountry "ENG"]
[SourceTitle "CBM 221 Extra"]
[Source "ChessBase"]
[SourceDate "2024.09.30"]
[SourceVersion "1"]
[SourceVersionDate "2024.09.30"]
[SourceQuality "1"]

1. d4 d5 2. c4 c6 3. Nf3 Nf6 4. Qc2 g6 5. Bf4 Bf5 6. Qb3 Qb6 7. c5 Qxb3 8. axb3 Bg7 9. Nc3 0-0 10. e3 Nbd7 11. b4 Ne4 12. b5 Nxc3 13. bxc3 Nxc5 14. bxc6 bxc6 15. Be5 Ne4 16. Ba6 Bc8 17. 0-0 Nxc3 18. Rfc1 Bxa6 19. Rxc3 Bb5 20. Bc7 Rfc8 21. Ba5 c5 22. Rb1 Bc4 23. Rcc1 cxd4 24. exd4 Rab8 25. Ra1 a6 26. Bd2 Bb5 27. Re1 e6 28. Bf4 Rb6 29. Reb1 Rbc6 30. Ne5 Rc2 31. h3 Re2 0-1

[Event "BCF-ch Major"]
[Site "Hull"]
[Date "2024.08.01"]
[Round "6"]
[White "Cawston, M John"]
[Black "Guarnieri, Federico"]
[Result "0-1"]
[WhiteElo "1776"]
[BlackElo "1572"]
[PlyCount "138"]
[EventDate "2024.07.27"]
[EventType "swiss"]
[EventRounds "9"]
[EventCountry "ENG"]
[SourceTitle "CBM 221 Extra"]
[Source "ChessBase"]
[SourceDate "2024.09.30"]
[SourceVersion "1"]
[SourceVersionDate "2024.09.30"]
[SourceQuality "1"]

1. d4 d5 2. c4 c6 3. Nf3 Nf6 4. Qc2 dxc4 5. Qxc4 Bf5 6. Nc3 e6 7. g3 Be7 8. Bg2 0-0 9. 0-0 Nbd7 10. Bf4 Qb6 11. Nh4 Bg6 12. Nxg6 hxg6 13. Rab1 Nd5 14. Bd2 Bf6 15. e4 Nc7 16. Be3 Qa5 17. b4 Qh5 18. a4 Nb6 19. Qb3 Rad8 20. Rfd1 e5 21. d5 cxd5 22. Nxd5 Nbxd5 23. exd5 b6 24. Rbc1 Rd7 25. a5 bxa5 26. bxa5 a6 27. Qb6 Rfd8 28. Rxc7 Qxd1+ 29. Bf1 Rxd5 30. Rc1 Qa4 31. Qxa6 Qxa5 32. Qxa5 Rxa5 33. Bb6 Rad5 34. Bxd8 Bxd8 35. Bc4 Rd2 36. Kg2 Kf8 37. Rc3 f6 38. Rb3 g5 39. Rb7 Be7 40. Kf3 Rd4 41. Rc7 Ke8 42. Be6 Rd6 43. Bf5 Rd4 44. h3 Kf7 45. Bc2 Ke6 46. Bb3+ Kd6 47. Rc8 Rd3+ 48. Ke4 Rxb3 49. Kf5 Rf3+ 50. Kg6 Rxf2 51. Kxg7 Ke6 52. Rc6+ Bd6 53. Ra6 Rf3 54. h4 gxh4 55. gxh4 Rh3 56. Ra4 Kf5 57. Kh6 e4 58. Ra5+ Be5 59. Kh5 e3 60. Ra2 Kf4 61. Ra4+ Kf3 62. Ra3 Kf2 63. Ra2+ e2 64. Kg4 Rh2 65. h5 Kf1 66. Ra1+ Bxa1 67. Kf5 e1Q 68. Kg6 Qe8+ 69. Kg7 f5+ 0-1

[Event "BCF-ch Major"]
[Site "Hull"]
[Date "2024.07.31"]
[Round "5"]
[White "Guarnieri, Federico"]
[Black "Pattni, Kishan"]
[Result "1/2-1/2"]
[WhiteElo "1572"]
[BlackElo "1746"]
[PlyCount "70"]
[EventDate "2024.07.27"]
[EventType "swiss"]
[EventRounds "9"]
[EventCountry "ENG"]
[SourceTitle "CBM 221 Extra"]
[Source "ChessBase"]
[SourceDate "2024.09.30"]
[SourceVersion "1"]
[SourceVersionDate "2024.09.30"]
[SourceQuality "1"]

1. d4 f5 2. Nc3 d5 3. Bg5 h6 4. Bf4 c6 5. e3 Nf6 6. Be2 g6 7. Nf3 Be6 8. Ne5 Bf7 9. Nxf7 Kxf7 10. 0-0 Nbd7 11. f3 Bg7 12. e4 e6 13. e5 Nh7 14. b4 b5 15. a3 Qb6 16. Kh1 g5 17. Bg3 Nhf8 18. Na2 Ng6 19. c3 h5 20. h3 h4 21. Bh2 f4 22. Nc1 Ne7 23. Nb3 Nf5 24. Re1 Ng3+ 25. Bxg3 hxg3 26. Nc5 Nf8 27. Bd3 Rh6 28. Kg1 Ng6 29. Bxg6+ Rxg6 30. Kf1 a5 31. Qc2 Ra7 32. Nb3 a4 33. Nc5 Bf8 34. Nd3 Rh6 35. Ke2 Rh8 1/2-1/2

[Event "BCF-ch Major"]
[Site "Hull"]
[Date "2024.07.30"]
[Round "4"]
[White "Whittington, Reece W"]
[Black "Guarnieri, Federico"]
[Result "1-0"]
[WhiteElo "1793"]
[BlackElo "1572"]
[PlyCount "43"]
[EventDate "2024.07.27"]
[EventType "swiss"]
[EventRounds "9"]
[EventCountry "ENG"]
[SourceTitle "CBM 221 Extra"]
[Source "ChessBase"]
[SourceDate "2024.09.30"]
[SourceVersion "1"]
[SourceVersionDate "2024.09.30"]
[SourceQuality "1"]

1. d4 d5 2. c4 e6 3. Nf3 Nf6 4. g3 c6 5. Bg2 Bd6 6. 0-0 0-0 7. Nc3 Nbd7 8. Re1 e5 9. cxd5 exd4 10. Nxd4 cxd5 11. Nxd5 Bc5 12. Nb3 Nxd5 13. Nxc5 N7b6 14. Nb3 Be6 15. Nd4 Qf6 16. Nxe6 fxe6 17. Rf1 Rfd8 18. Qb3 Rd7 19. e4 Ne7 20. Be3 Rad8 21. Bh3 Rd3 22. Qxe6+ 1-0